Normal view
MARC view
- A.Rahman Aliewa,Ahmadتأليف
Entry Personal Name
001 - CONTROL NUMBER
- control field: 3613
003 - CONTROL NUMBER IDENTIFIER
- control field: JO-AjAnu
005 - DATE AND TIME OF LATEST TRANSACTION
- control field: 20230606070908.0
008 - FIXED-LENGTH DATA ELEMENTS
- fixed length control field: 230606|| aca||aabn | a|a d
040 ## - CATALOGING SOURCE
- Original cataloging agency: JO-AjAnu
- Transcribing agency: JO-AjAnu
100 ## - HEADING--PERSONAL NAME
- Personal name: A.Rahman Aliewa,Ahmadتأليف
670 ## - SOURCE DATA FOUND
- Source citation: Work cat.: (JO-AjAnu)1885: A.Rahman Aliewa,Ahmadتأليف, author, Good Luck Mr.Minaret :In The Basics Of English Language